Word Ladder: Action Movies Quiz Stats

 Plays Quiz Updated Mar 23, 2012

Support Sporcle.
Go Orange.
Score 0/49 Timer 05:00
0 Plays Today
Clue Answer % Correct
★ ''____ & Furious'' (2009) ★●FAST●
97.8%
★ ''Raiders of the ____ Ark'' (1981) ★●LOST●
96.8%
★ ''From Russia with ____'' (1964) ★●LOVE●
96.5%
★ ''You Only ____ Twice'' (1967) ★●LIVE●
96.2%
★''Indiana Jones and the ____ Crusade'' ('89)●LAST●
95.8%
Small, greenish-yellow citrus fruitLIME
94.7%
★ ''Jurassic ____'' (1993) ★●PARK●
94.1%
★ ''Nothing to ____'' (1994) ★●LOSE●
93.9%
★ ''The ____ Knight'' (2008) ★●DARK●
90.8%
★ ''Die ____'' (1988) ★●HARD●
90.3%
★ ''Twist of ____'' (1989) ★●FATE●
89.9%
★ ''Escape from New ____'' (1981) ★●YORK●
88.2%
★ ''Black ____ Down'' (2001) ★●HAWK●
87.7%
Crippled in the legs or feetLAME
86.4%
★ ''____/Off'' (1997) ★●FACE●
85.9%
★ ''____ We Forget'' (1947) ★●LEST●
85.6%
★ ''For a Few Dollars ____'' (1965) ★●MORE●
85.5%
★ ''Crimson ____'' (1995) ★●TIDE●
85.2%
A Scrabble playing pieceTILE
84.2%
★ ''The ____ for Red October'' (1990) ★●HUNT●
84.1%
Speed of walking or runningPACE
83.7%
★ ''A ____ and a Hard Place'' (1997) ★●ROCK●
83.5%
★ ''____ Laid Plans'' (1999) ★●BEST●
83.2%
★ ''The ____ Locker'' (2009) ★●HURT●
83.1%
American actress Goldie ____HAWN
82.8%
Clue Answer % Correct
★ '' ____ of Fury'' (1972) ★●FIST●
81.6%
Melted fat from a hogLARD
80.9%
Things lying one on top of the otherPILE
80.7%
★ ''Master and Commander: The Far ____ of the World'' (2003) ★●SIDE●
80.1%
Nerd; geek (slang)DORK
80%
★ ''That ____ Cat!'' (1965) ★●DARN●
79.2%
★''Sherlock Holmes: A ____ of Shadows''('11)●GAME●
77.8%
★ ''The Hit ____'' (1993) ★●LIST●
77.8%
To listen; pay attentionHARK
77.2%
★ ''____ Rider'' (1985) ★●PALE●
77%
Term of address for a male monarchSIRE
76.7%
★ ''The Golden ____ Murders'' (1979) ★●GATE●
75.2%
★ ''Rescue ____'' (2007) ★●DAWN●
74%
Time past (literary)YORE
73.7%
Wet, swampy ground; bogMIRE
73.4%
★ ''Where Eagles ____'' (1969) ★●DARE●
70%
★ ''____ of War'' (2005) ★●LORD●
69.7%
★ ''The ____ Brief'' (1962) ★●DOCK●
69.4%
★ ''____ of Lies'' (1987) ★●PACK●
68.8%
★ ''The ____'' (1956) ★●RACK●
64.6%
★ ''The Assassination of Jesse James by the Coward Robert ____'' (2007) ★●FORD●
56.1%
★ ''____ Apache, The Bronx'' (1981) ★●FORT●
53.5%
Host of ''Candid Camera'' Allen ____FUNT
52.2%
Character set of a particular typesetFONT
51.6%

Today's Daily Dose

You're not logged in!

Compare scores with friends on all Sporcle quizzes.
OR
Log In
Forgot?

From the Vault

Impressive Possessives

by lukebradford

'The search for truth is more precious than its possession.' --Albert Einstein
Remove Ads.
Support Sporcle.
Get the best of Sporcle when you Go Orange. This ad-free experience offers more features, more stats, and more fun while also helping to support Sporcle. Thank you for becoming a member.

Show Comments

Extras

Top Quizzes Today


Score Distribution

Your Account Isn't Verified!

In order to create a playlist on Sporcle, you need to verify the email address you used during registration. Go to your Sporcle Settings to finish the process.

Report this User

Report this user for behavior that violates our Community Guidelines.

Details: